Charmed questions - Statistics

General Stats
  • This quiz has been taken 552 times
  • The average score is 23 of 30
Answer Stats
Hint Answer % Correct
cole phoebe
96%
coop phoebe
96%
jason phoebe
96%
leslie phoebe
96%
jeremy piper
96%
leo piper
96%
dan piper
96%
who was the first to turn into something? piper
96%
bane prue
96%
andy prue
96%
who is the oldest prue
96%
who died in season 3 prue
96%
who was the first to cast the truth spell prue
96%
henrey paige
95%
glen paige
95%
who is the youngest? paige
95%
the book of ______ shadows
83%
paige is half what white lighter
83%
who is victor dad
68%
what demon killed prue shax
68%
when did paige come on the show season 4
66%
who played paige? Rose Mcgowan
64%
who is the demon of fear? barbas
62%
what did phoebe turn into when she lost cole? banshee
59%
who is patty mom
59%
who is sam? paige's dad
51%
who's owned to gogo boots grams
39%
what is phoebes favorite movie called kill it before it dies
19%
name pipers youngest child Chriss
7%
what is prues power moving objects with her mind
3%
No matching quizzes found
Score Distribution
Percent of People with Each Score
Percentile by Number Answered
Your Score History
You have not taken this quiz